000 00443nam a2200181Ia 4500
005 20250423101037.0
008 250422s9999 xx 000 0 und d
020 _a0072346582
050 _aHG 4026 .B667/
100 _aMyers, Brealey
245 0 _aStudy guide for use with principles of corporate finance
250 _a6th ed.
260 _aBoston
260 _bIrwin McGraw-Hill
260 _c2000
300 _a428 p
942 _cBK
999 _c35112
_d35112